| 000 | 00802nam a22002057a 4500 | ||
|---|---|---|---|
| 003 | OSt | ||
| 005 | 20260211090544.0 | ||
| 008 | 260211b |||||||| |||| 00| 0 eng d | ||
| 040 | _c0 | ||
| 082 | _aDPer 796.07 J826 January-October 2023 v. 42 n. 1-4 | ||
| 100 |
_aYager, Zali. _eauthor. _969638 |
||
| 245 |
_aThe Physchological Impact of Fitness Testing in Physical Education / _cZali Yager, Laura Alfrey, and Lisa Young. |
||
| 260 |
_aUS _bHuman Kinetics, Inc. _cJanuary 2023 |
||
| 300 |
_aVolume 42, pages 77-85 : _billustration ; _c29 cm. |
||
| 500 | _aJournal of Teaching in Physical Education, vol. 42 no. 1, pages 77-85, January-October 2023. | ||
| 700 |
_aYager, Zali. _eauthor. _969638 |
||
| 700 |
_aAlfrey, Laura. _eauthor. _969639 |
||
| 700 |
_aYoung, Lisa. _eauthor. _969640 |
||
| 942 |
_2ddc _cPER |
||
| 999 |
_c24291 _d24291 |
||